[Event "GER-chT U12"]
[Site "Magdeburg"]
[Date "2018.12.27"]
[Round "1.3"]
[White "Levitskii, Philipp"]
[Black "Bergmann, Lennart"]
[Result "1-0"]
[WhiteElo "1267"]
[BlackElo "1515"]
[PlyCount "135"]
[EventDate "2018.12.27"]
[EventType "team-swiss"]
[EventRounds "7"]
[EventCountry "GER"]
[SourceTitle "CBM 188 Extra"]
[Source "ChessBase"]
[SourceDate "2019.02.26"]
[SourceVersion "1"]
[SourceVersionDate "2019.02.26"]
[SourceQuality "1"]
[WhiteTeam "Fuerth"]
[BlackTeam "Offenbach"]
[WhiteTeamCountry "GER"]
[BlackTeamCountry "GER"]

1. d4 d5 2. Bg5 Bg4 3. Qd3 Qd6 4. Nc3 c6 5. Nf3 Nd7 6. e4 dxe4 7. Qxe4 Bxf3 8. gxf3 Qg6 9. Bf4 Ngf6 10. Qd3 Qxd3 11. Bxd3 e6 12. 0-0-0 Bb4 13. Ne4 Ke7 14. c3 Ba5 15. b4 Bb6 16. a4 Nd5 17. Bd6+ Kd8 18. Ng5 Ke8 19. Kb2 Bc7 20. Bg3 Bxg3 21. hxg3 h6 22. Ne4 Ke7 23. Rhe1 N7f6 24. Kb3 Rhd8 25. f4 Nxe4 26. Bxe4 Nf6 27. Bf3 Kd6 28. c4 Re8 29. Re5 Nd7 30. Re3 Nf6 31. Red3 Rad8 32. b5 Kc7 33. Kb4 Rd6 34. c5 Nd5+ 35. Bxd5 Rxd5 36. a5 cxb5 37. Kxb5 a6+ 38. Kc4 Kc6 39. Rb1 Rb8 40. g4 Rbd8 41. Re1 R8d7 42. Re5 Kc7 43. f3 Kc6 44. Re4 h5 45. Re5 Rxe5 46. fxe5 h4 47. f4 Rd8 48. f5 g5 49. fxg6 fxg6 50. Rf3 Rg8 51. Rf6 Kd7 52. d5 exd5+ 53. Kxd5 Rg7 54. c6+ bxc6+ 55. Rxc6 h3 56. Rxa6 h2 57. Rd6+ Kc7 58. Rc6+ Kb7 59. Rc1 Rc7 60. Rh1 Rc2 61. e6 Rd2+ 62. Ke5 Re2+ 63. Kf6 g5 64. e7 Ka6 65. Rxh2 Rxh2 66. e8Q Rf2+ 67. Kxg5 Kxa5 68. Qe1+ 1-0